| 000 | 00328nam a2200121Ia 4500 | ||
|---|---|---|---|
| 008 | 220204s9999 xx 000 0 und d | ||
| 082 |
_a331.1(35)2015 _bMUT |
||
| 100 | _aBRINDA | ||
| 245 | 0 | _aSwamy's handbook 2015: For central government staff | |
| 260 |
_aChennai _bSwamy Publishers _c2015 |
||
| 700 | _aMUTHUSWAMY | ||
| 942 | _cBK | ||
| 999 |
_c43165 _d43165 |
||